Catalog

Record Details

Catalog Search



Tajemství Emanuela  Cover Image Book Book

Tajemství Emanuela / Jacek Salij ; [z polštiny přeložila Terezie Eisnerová]

Record details

  • ISBN: 80-85929-08-2
  • Physical Description: 76 s. ; 21 cm
  • Edition: Vyd. 1.
  • Publisher: Praha : Krystal OP, 1995, [v tiráži spr.] 1996
Subject: církev
Genre: pojednání

Available copies

  • 1 of 1 copy available at Common Catalog SPOK.

Holds

  • 0 current holds with 1 total copy.
Show All Copies
Location Call Number / Copy Notes Barcode Shelving Location Status Due Date
Jabok Library PT-2 424480010405 Odborná literatura Available -

LDR 01022nam a2200337 a 4500
00113027
003CZ-PrJAB
00520160927152304.0
007tu
008960611s1995 xr e 000 0 cze
015 . ‡acnb000120884
020 . ‡a80-85929-08-2 ‡q(brož.)
035 . ‡a(CZ PrNK)cpk19960120884
035 . ‡a(OCoLC)38453690
040 . ‡aABA001 ‡bcze
0411 . ‡acze ‡hpol
072 7. ‡a2 ‡xNáboženství ‡2Konspekt ‡95
080 . ‡a22 ‡2undef
080 . ‡a23/28 ‡2undef
1001 . ‡aSalij, Jacek, ‡d1942- ‡7js20020925123 ‡4aut
24510. ‡aTajemství Emanuela / ‡cJacek Salij ; [z polštiny přeložila Terezie Eisnerová]
24614. ‡aTajemství Emmanuela
250 . ‡aVyd. 1.
260 . ‡aPraha : ‡bKrystal OP, ‡c1995, [v tiráži spr.] 1996
300 . ‡a76 s. ; ‡c21 cm
65007. ‡acírkev ‡7ph114280 ‡2czenas
655 7. ‡apojednání ‡7fd133056 ‡2czenas
7001 . ‡aEisnerová, Terezie, ‡d1955- ‡7kpwa3241 ‡4trl
7650 . ‡tTajemnica Emmanuela dzisiaj ‡9Česky
910 . ‡aABG312
901 . ‡a13027 ‡bUnknown ‡c13027 ‡tbiblio

Additional Resources